000 00501nam a2200133Ia 4500
005 20260209120147.0
008 260209s9999||||xx |||||||||||||| ||und||
100 _aAshish Suryavanshi
245 0 _aElection freebies in a free and fair election process – a juxtaposition
260 _aBangaloreBangalore
_bNLSIU, Bangalore
_c2023
300 _a47 p. ; 25 cm.
700 _aProf. Jasmine Joseph - SupervisorProf. Jasmine Joseph - Supervisor
856 _uhttps://dans.nls.ac.in/handle/123456789/1189
999 _c217583
_d217583